<?xml version="1.0" encoding="UTF-8"?><?xml-stylesheet type="text/xsl" href="static/style.xsl"?><OAI-PMH xmlns="http://www.openarchives.org/OAI/2.0/" xmlns:xsi="http://www.w3.org/2001/XMLSchema-instance" xsi:schemaLocation="http://www.openarchives.org/OAI/2.0/ http://www.openarchives.org/OAI/2.0/OAI-PMH.xsd"><responseDate>2026-04-29T20:55:53Z</responseDate><request verb="GetRecord" identifier="oai:riubu.ubu.es:10259/4279" metadataPrefix="marc">https://riubu.ubu.es/oai/request</request><GetRecord><record><header><identifier>oai:riubu.ubu.es:10259/4279</identifier><datestamp>2022-04-29T12:02:48Z</datestamp><setSpec>com_10259_3593</setSpec><setSpec>com_10259_5086</setSpec><setSpec>com_10259_2604</setSpec><setSpec>col_10259_3594</setSpec></header><metadata><record xmlns="http://www.loc.gov/MARC21/slim" xmlns:doc="http://www.lyncode.com/xoai" xmlns:xsi="http://www.w3.org/2001/XMLSchema-instance" xmlns:dcterms="http://purl.org/dc/terms/" xsi:schemaLocation="http://www.loc.gov/MARC21/slim http://www.loc.gov/standards/marcxml/schema/MARC21slim.xsd">
<leader>00925njm 22002777a 4500</leader>
<datafield tag="042" ind1=" " ind2=" ">
<subfield code="a">dc</subfield>
</datafield>
<datafield tag="720" ind1=" " ind2=" ">
<subfield code="a">Velasco, Rocío</subfield>
<subfield code="e">author</subfield>
</datafield>
<datafield tag="720" ind1=" " ind2=" ">
<subfield code="a">Silva López, Carlos</subfield>
<subfield code="e">author</subfield>
</datafield>
<datafield tag="720" ind1=" " ind2=" ">
<subfield code="a">Nieto Faza, Olalla .</subfield>
<subfield code="e">author</subfield>
</datafield>
<datafield tag="720" ind1=" " ind2=" ">
<subfield code="a">Sanz Díez, Roberto</subfield>
<subfield code="e">author</subfield>
</datafield>
<datafield tag="260" ind1=" " ind2=" ">
<subfield code="c">2016-10</subfield>
</datafield>
<datafield tag="520" ind1=" " ind2=" ">
<subfield code="a">By carefullycontrolling the reactiontemperature,treatment of aryl benzylethers with tBuLi selectivelyleadsto a-lithiation, generating stable organolithiums that can bedirectlytrapped with avariety of selected electro philes,before they can undergo the expected [1,2]-Wittigrear-rangement. This rearrangement has been deeplystudied,both experimentally and computationally,with aryl a-lithiat-ed benzyl ethers bearing different substituents at the arylring. The obtained resultssupport the competence of acon-certedanionic intramolecular addition/elimination sequenceand aradical dissociation/recombination sequence for ex-plaining the tendency of migrationfor aryl groups.Themore favored rearrangementsare found for substrates withelectron-poor aryl groups that favor the anionic pathway</subfield>
</datafield>
<datafield tag="024" ind2=" " ind1="8">
<subfield code="a">0947-6539</subfield>
</datafield>
<datafield tag="024" ind2=" " ind1="8">
<subfield code="a">http://hdl.handle.net/10259/4279</subfield>
</datafield>
<datafield ind1=" " ind2=" " tag="653">
<subfield code="a">density functio nal calculations</subfield>
</datafield>
<datafield ind1=" " ind2=" " tag="653">
<subfield code="a">lithiation</subfield>
</datafield>
<datafield ind1=" " ind2=" " tag="653">
<subfield code="a">oxygenheterocycles</subfield>
</datafield>
<datafield ind1=" " ind2=" " tag="653">
<subfield code="a">reaction mechanisms</subfield>
</datafield>
<datafield ind1=" " ind2=" " tag="653">
<subfield code="a">Wittig rearrangement</subfield>
</datafield>
<datafield tag="245" ind1="0" ind2="0">
<subfield code="a">Exploring the Reactivity of α-Lithiated Aryl Benzyl Ethers: Inhibition of the [1,2]-Wittig Rearrangement and the Mechanistic Proposal Revisited</subfield>
</datafield>
</record></metadata></record></GetRecord></OAI-PMH>